00674nam a2200193Ia 4500008004100000020001500041040001800056041000800074100004100082245007400123260005200197300001800249504002200267650002800289650003200317650001400349650002400363710009300387130821s1990 ck gr spa  a9586280543 aCo-BoUCMbspa aspa1 aMoncayo Cruz, Víctor Manueld1942- aEspacialidad y estado formas y re-formascVíctor Manuel Moncayo C. aBogotá (Colombia)bUniversidad Nacionalc1990 a210 páginas aIncluye índice.04aEspacio en arquitectura04aPolítica urbanazColombia04aUrbanismo04aUrbanismozColombia1 aUniversidad Nacional de Colombia.bFacultad de Derecho y Ciencias Políticas y Sociales